| 000 | 01042nas a2200313 4500 | ||
|---|---|---|---|
| 001 | BR8200697 | ||
| 003 | BR-BrBNA | ||
| 005 | 20231205085020.0 | ||
| 007 | ta | ||
| 008 | 230509b bl.|||p| |||| 00| 00por d | ||
| 040 |
_aBR-BrBNA _bpor _cBiblioteca Nacional de Agricultura |
||
| 041 | _a(Pt) | ||
| 072 | _aH10 | ||
| 100 | 1 | _aTavares, S. | |
| 100 | 1 | _aFekete, T.J. | |
| 100 | 1 | _aCarvalho, J.C. | |
| 100 | 1 | _aOliveira Filho, J.C. | |
| 100 | 1 | _aMariconi, F.A.M. | |
| 245 | 1 | _aEnsaio de combate ao "acaro branco" Polyphagotarsonemus latus (Banks, 1904)em cultura de algodao [Gossypium hirsutum; Defensivo] | |
| 246 | 1 | _aChemical control of the "tropical mite" Polyphagotarsonemus latus on cotton (Gossypium hirsutum)[Pesticide] | |
| 650 | _aPraga de planta | ||
| 650 | _aAlgodao | ||
| 650 | _aAcaro branco | ||
| 650 | _aDefensivo | ||
| 650 | _aControle quimico | ||
| 773 | 0 |
_tEcossistema (Brazil) _xISSN 0100-4107 _g(Sep 1981), v. 6(1) p. 24-28 _wBR8200697 |
|
| 909 |
_a202311 _bLúcia _c55 _dLúcia Elande |
||
| 942 |
_2AGRIS _n0 _cANA |
||
| 999 |
_c108685 _d108685 |
||